Golden Tales of the Prophet (Record no. 10678)

MARC details
000 -LEADER
fixed length control field 00519nam a2200217 a 4500
020 ## - INTERNATIONAL STANDARD BOOK NUMBER
ISBN
082 00 - DEWEY DECIMAL CLASSIFICATION NUMBER
Classification number 297.124
Author Cutter BAR
100 ## - MAIN ENTRY--AUTHOR NAME
Author name Bari, Abdul Fattah Jamil
245 ## - TITLE STATEMENT
Title Golden Tales of the Prophet
260 ## - PUBLICATION, DISTRIBUTION, ETC. (IMPRINT)
Place of publication Delhi
Name of publisher Adam Publishers
Year of publication 1998
300 ## - PHYSICAL DESCRIPTION
Number of Pages 262p
500 ## - GENERAL NOTE
General note includes index and biblioraphy
650 ## - SUBJECT ADDED ENTRY--TOPICAL TERM
Topical Term Hadith
942 ## - ADDED ENTRY ELEMENTS (KOHA)
Koha item type Books
Holdings
Collection code Home library Current library Date acquired Cost, normal purchase price Full call number Accession Number Koha item type
  Henry Martyn Institute Library Henry Martyn Institute Library 02/11/2014 150.00 297.124 BAR 019467 Books
                   Copyright © 2026 | Henry Martyn Institute | Hyderabad | TS-500052 | INDIA | Implemented by hmi.edu.in
Hit-Count:

Powered by Koha